Математические методы принятия решений в электроэнергетике (Запись № 10945586)

Подробности
000 -МАРКЕР
контрольное поле 02604nam0a2200337 4500
001 - ИДЕНТИФИКАТОР ЗАПИСИ
контрольное поле RU\NLR\BIBL_A\011912636
005 - ИДЕНТИФИКАТОР ВЕРСИИ
контрольное поле 20190129142959.0
010 ## - МЕЖДУНАРОДНЫЙ СТАНДАРТНЫЙ НОМЕР КНИГИ (ISBN)
Номер (ISBN) 978-5-7731-0591-6
Тираж 350
021 ## - НОМЕР ГОСУДАРСТВЕННОЙ РЕГИСТРАЦИИ
Код страны Российская Федерация
Номер КН-П-18-095765
Номер Листа государственной регистраци КН-П-18-6943
035 ## - ДРУГИЕ СИСТЕМНЫЕ НОМЕРА
Идентификатор записи (NLR Aleph) 011912636
035 ## - ДРУГИЕ СИСТЕМНЫЕ НОМЕРА
Идентификатор записи (RuMoRGB)009838224
100 ## - ДАННЫЕ ОБЩЕЙ ОБРАБОТКИ
Данные общей обработки 20190118d2018 u y0rusy50 ca
101 0# - ЯЗЫК РЕСУРСА
Язык текста, звукозаписи и т.д. русский
102 ## - СТРАНА ПУБЛИКАЦИИ ИЛИ ПРОИЗВОДСТВА
Страна публикации Российская Федерация
105 ## - ПОЛЕ КОДИРОВАННЫХ ДАННЫХ: ТЕКСТОВЫЕ МАТЕРИАЛЫ, МОНОГРАФИЧЕСКИЕ
Кодированные данные о монографическом текстовом документе a|||j|||000zy
200 1# - ЗАГЛАВИЕ И СВЕДЕНИЯ ОБ ОТВЕТСТВЕННОСТИ
Основное заглавие Математические методы принятия решений в электроэнергетике
Сведения, относящиеся к заглавию учебное пособие
-- [для студентов 1 курса направления подготовки 13.04.02 "электроэнергетика и электротехника" (магистерской программы подготовки "Управление распределенными объектами регионального электроснабжения"]
Первые сведения об ответственности В.А. Медведев
Последующие сведения об ответственности Министерство образования и науки Российской Федерации, ФГБОУ ВО "Воронежский государственный технический университет"
210 ## - ПУБЛИКАЦИЯ, РАСПРОСТРАНЕНИЕ И ДР.
Место издания, распространения и т.д. Воронеж
Имя издателя, распространителя и т. д. ФГБОУ ВО "Воронежский государственный технический университет"
Дата издания, распространения и т.д. 2018
215 ## - ФИЗИЧЕСКАЯ ХАРАКТЕРИСТИКА
Специфическое обозначение материала и объем 81 с.
Другие сведения о физической характеристике ил., табл.
Размеры 21
313 ## - ПРИМЕЧАНИЯ, ОТНОСЯЩИЕСЯ К ТЕМАТИЧЕСКОМУ ДОСТУПУ
Текст примечания Моделирование в среде MATLAB
320 ## - ПРИМЕЧАНИЯ О НАЛИЧИИ В ДОКУМЕНТЕ БИБЛИОГРАФИИ / УКАЗАТЕЛЯ
Текст примечания Библиогр.: с. 79 (10 назв.)
606 1# - НАИМЕНОВАНИЕ ТЕМЫ КАК ПРЕДМЕТ
Наименование темы MATLAB, пакет прикладных программ
Формальный подзаголовок Учебные издания для высших учебных заведений
Тематический подзаголовок Применение в электротехнике
Системный номер авторитетной/нормативной записи 2483023
Идентификатор авторитетной/нормативной записи RU\NLR\AUTH\661473841
606 1# - НАИМЕНОВАНИЕ ТЕМЫ КАК ПРЕДМЕТ
Наименование темы Электроэнергетические системы
Формальный подзаголовок Учебные издания для высших учебных заведений
Тематический подзаголовок Компьютерное моделирование
Системный номер авторитетной/нормативной записи 2583127
Идентификатор авторитетной/нормативной записи RU\NLR\AUTH\661526929
606 1# - НАИМЕНОВАНИЕ ТЕМЫ КАК ПРЕДМЕТ
Наименование темы Электроэнергетические системы
Формальный подзаголовок Учебные издания для высших учебных заведений
Тематический подзаголовок Управление
-- Принятие решений
Системный номер авторитетной/нормативной записи 2395260
Идентификатор авторитетной/нормативной записи RU\NLR\AUTH\6601648270
686 1# - ИНДЕКСЫ ДРУГИХ КЛАССИФИКАЦИЙ
Индекс З27-05с116я73-1
700 #1 - ИМЯ ЛИЦА - ПЕРВИЧНАЯ ОТВЕТСТВЕННОСТЬ
Графика поля Кириллица
Материалы, к которым относится поле rus
Начальный элемент ввода Медведев
Часть имени, кроме начального элемента ввода В. А.
Дополнения к именам, кроме дат канд. техн. наук
Расширение инициалов личного имени Владимир Алексеевич
Системный номер авторитетной/нормативной записи 73455
Идентификатор авторитетной/нормативной записи RU\NLR\AUTH\7790528
942 ## - ДОПОЛНИТЕЛЬНЫЕ ЭЛЕМЕНТЫ ЗАПИСИ (АБИС)
Тип экземпляра АБИС Книга
980 ## - КОЛЛЕКЦИЯ
Название коллекции НБР
980 ## - КОЛЛЕКЦИЯ
Название коллекции Национальная библиография

Нет доступных экземпляров.